[Event "Titled Tuesday intern op 01st Apr Early"]
[Site "Chess.com INT"]
[Date "2025.04.01"]
[Round "11"]
[White "Mesa Cruz, Juan Carlos"]
[Black "Berezin, Viktor"]
[Result "1-0"]
[WhiteElo "2213"]
[BlackElo "1921"]
[PlyCount "103"]
[EventDate "2025.04.01"]
[EventType "swiss (blitz)"]
[EventRounds "11"]
[EventCountry "USA"]
[SourceTitle "CB15_2025"]
[SourceDate "2025.04.09"]
[SourceVersion "1"]
[SourceVersionDate "2025.04.09"]
[SourceQuality "1"]

1. e4 c5 2. Nf3 d6 3. Bb5+ Bd7 4. Bxd7+ Qxd7 5. c4 Nc6 6. d4 cxd4 7. Nxd4 Nf6 8. Nc3 g6 9. 0-0 Bg7 10. h3 0-0 11. Be3 Rac8 12. b3 a6 13. Qd3 Ne5 14. Qe2 Nc6 15. Rfd1 Rfd8 16. Rac1 Qe8 17. Na4 Nxd4 18. Bxd4 Rc6 19. Nb6 Nd7 20. Bxg7 Kxg7 21. Nd5 Nf6 22. Qb2 e5 23. f3 Nxd5 24. Rxd5 Qe7 25. Rcd1 b6 26. Qd2 a5 27. Rb5 Qe6 28. Qd5 Qxd5 29. exd5 Rc7 30. Rxb6 f5 31. Ra6 Rc5 32. Rc6 Kf6 33. a3 Ke7 34. b4 Rxc6 35. dxc6 axb4 36. axb4 Ra8 37. b5 Rc8 38. Ra1 d5 39. cxd5 Kd6 40. b6 Kxd5 41. b7 Re8 42. c7 e4 43. b8Q Rxb8 44. cxb8Q exf3 45. Qb7+ Ke5 46. Qxf3 Kf6 47. Re1 Kg7 48. g4 h5 49. gxf5 g5 50. Qxh5 g4 51. Qg6+ Kf8 52. Re8# 1-0

[Event "Titled Tuesday intern op 25th Mar Early"]
[Site "Chess.com INT"]
[Date "2025.03.25"]
[Round "6"]
[White "Garcia Correa, Jose Ricardo"]
[Black "Mesa Cruz, Juan Carlos"]
[Result "0-1"]
[WhiteElo "2103"]
[BlackElo "2213"]
[PlyCount "42"]
[EventDate "2025.03.25"]
[EventType "swiss (blitz)"]
[EventRounds "11"]
[EventCountry "USA"]
[SourceTitle "CB14_2025"]
[SourceDate "2024.11.01"]
[SourceVersion "1"]
[SourceVersionDate "2024.11.01"]
[SourceQuality "1"]

1. e4 c5 2. Nf3 d6 3. d4 cxd4 4. Nxd4 Nf6 5. Nc3 a6 6. f4 e5 7. Nf3 Nbd7 8. Bd3 b5 9. a3 Bb7 10. 0-0 a5 11. Qe1 b4 12. axb4 axb4 13. Rxa8 Bxa8 14. Nb5 Be7 15. c3 Nc5 16. Bb1 Ncxe4 17. Kh1 0-0 18. fxe5 dxe5 19. Nxe5 Qb8 20. Ng4 Nxg4 21. Bxe4 Qxh2# 0-1

[Event "Titled Tuesday intern op 25th Mar Early"]
[Site "Chess.com INT"]
[Date "2025.03.25"]
[Round "8"]
[White "Ishvi, Aggarwal"]
[Black "Mesa Cruz, Juan Carlos"]
[Result "1-0"]
[WhiteElo "1954"]
[BlackElo "2213"]
[PlyCount "91"]
[EventDate "2025.03.25"]
[EventType "swiss (blitz)"]
[EventRounds "11"]
[EventCountry "USA"]
[SourceTitle "CB14_2025"]
[SourceDate "2024.11.01"]
[SourceVersion "1"]
[SourceVersionDate "2024.11.01"]
[SourceQuality "1"]

1. c4 Nf6 2. d4 e6 3. Nc3 Bb4 4. Nf3 b6 5. e3 Bb7 6. Bd3 Ne4 7. Qc2 f5 8. 0-0 Bxc3 9. bxc3 d6 10. a4 a5 11. Nd2 Nxd2 12. Bxd2 0-0 13. f3 e5 14. e4 f4 15. Rab1 Nd7 16. Be1 Kh8 17. Bf2 Ba6 18. c5 dxc5 19. Bxa6 Rxa6 20. dxc5 Nxc5 21. Bxc5 bxc5 22. Rb5 Rd6 23. Rxc5 Rd2 24. Qb3 Qd3 25. Rd5 Qe3+ 26. Kh1 Qe2 27. Rg1 Rb2 28. Qd1 Qf2 29. Rd8 Qc5 30. Qd5 Qe7 31. Rd7 Qe8 32. Rxc7 h6 33. h3 Qh5 34. Qd7 Qg5 35. c4 Rfb8 36. Rc8+ Rxc8 37. Qxc8+ Kh7 38. Qg4 Qf6 39. Rc1 Qd6 40. c5 Qd2 41. Rg1 Rc2 42. Qf5+ Kg8 43. Qxe5 Qf2 44. Qb8+ Kh7 45. Qxf4 Qxc5 46. e5 1-0

[Event "Titled Tuesday intern op 25th Mar Early"]
[Site "Chess.com INT"]
[Date "2025.03.25"]
[Round "5"]
[White "Mesa Cruz, Juan Carlos"]
[Black "Sailer, Mike L"]
[Result "1-0"]
[WhiteElo "2213"]
[BlackElo "2108"]
[PlyCount "83"]
[EventDate "2025.03.25"]
[EventType "swiss (blitz)"]
[EventRounds "11"]
[EventCountry "USA"]
[SourceTitle "CB14_2025"]
[SourceDate "2024.11.01"]
[SourceVersion "1"]
[SourceVersionDate "2024.11.01"]
[SourceQuality "1"]

1. e4 d5 2. exd5 Qxd5 3. Nc3 Qd6 4. d4 c6 5. Nf3 Bf5 6. Bc4 e6 7. 0-0 Nf6 8. Re1 Nbd7 9. Ne2 Qc7 10. c3 Bd6 11. Ng3 Bg6 12. a4 a5 13. Qe2 0-0 14. Ne5 Nb6 15. Bb3 Nbd5 16. h4 Bxe5 17. dxe5 Nd7 18. h5 Bf5 19. Nxf5 exf5 20. Bxd5 cxd5 21. Bf4 Qc6 22. e6 Qxe6 23. Qxe6 fxe6 24. Rxe6 Rfe8 25. Rd6 Nf6 26. h6 Rad8 27. Rb6 Rd7 28. hxg7 Kxg7 29. Be3 Ng4 30. Bd4+ Kg8 31. f3 Ne3 32. Re1 Rde7 33. Rb5 f4 34. Rxa5 Re6 35. Bxe3 fxe3 36. Rxd5 Kf7 37. Kf1 Kf6 38. Ke2 Rg8 39. g4 Rg6 40. Rh1 Rh6 41. Rxh6+ Kg7 42. Rxe6 1-0

[Event "Titled Tuesday intern op 18th Mar Late"]
[Site "Chess.com INT"]
[Date "2025.03.18"]
[Round "1"]
[White "Goltsev, Dmitry"]
[Black "Mesa Cruz, Juan Carlos"]
[Result "1/2-1/2"]
[WhiteElo "2226"]
[BlackElo "2213"]
[PlyCount "81"]
[EventDate "2025.03.18"]
[EventType "swiss (blitz)"]
[EventRounds "11"]
[EventCountry "USA"]
[SourceTitle "CB13_2025"]
[SourceDate "2025.03.26"]
[SourceVersion "1"]
[SourceVersionDate "2025.03.26"]
[SourceQuality "1"]

1. e4 c5 2. Nf3 d6 3. d4 cxd4 4. Nxd4 Nf6 5. Nc3 a6 6. Be2 e5 7. Nf5 d5 8. Bg5 d4 9. Bxf6 gxf6 10. Nb1 Qb6 11. Nd2 Bxf5 12. exf5 Bb4 13. 0-0 Bxd2 14. Qxd2 Nd7 15. Bc4 Qc6 16. Bb3 Rg8 17. f3 Nc5 18. Rac1 Rc8 19. Qh6 Qb6 20. Qxh7 Rf8 21. Kh1 Ke7 22. Qh5 a5 23. Bd5 Rcd8 24. Bc4 Qxb2 25. Rfe1 Qc3 26. Bd3 Rh8 27. Qg4 Rdg8 28. Qf4 Kf8 29. Rxe5 fxe5 30. Qxe5 Nxd3 31. Qd6+ Kg7 32. Rb1 Qxc2 33. Qxd4+ Kh7 34. Qh4+ Kg7 35. Qd4+ Kf8 36. Qd6+ Kg7 37. Qg3+ Kh7 38. Qh4+ Kg7 39. Qg3+ Kf8 40. Qb8+ Kg7 41. Qg3+ 1/2-1/2

[Event "Titled Tuesday intern op 18th Mar Late"]
[Site "Chess.com INT"]
[Date "2025.03.18"]
[Round "4"]
[White "Kniazev, Igor"]
[Black "Mesa Cruz, Juan Carlos"]
[Result "1-0"]
[WhiteElo "2036"]
[BlackElo "2213"]
[PlyCount "95"]
[EventDate "2025.03.18"]
[EventType "swiss (blitz)"]
[EventRounds "11"]
[EventCountry "USA"]
[SourceTitle "CB13_2025"]
[SourceDate "2025.03.26"]
[SourceVersion "1"]
[SourceVersionDate "2025.03.26"]
[SourceQuality "1"]

1. d4 Nf6 2. c4 e6 3. g3 d5 4. Bg2 Bb4+ 5. Bd2 Be7 6. Nf3 0-0 7. 0-0 dxc4 8. Qa4 a6 9. Qxc4 b5 10. Qc2 Bb7 11. Bf4 Bd6 12. Nc3 Bxf4 13. gxf4 Nbd7 14. Rfd1 Qe7 15. Ne5 Bxg2 16. Kxg2 c5 17. Nxd7 Nxd7 18. d5 Qh4 19. dxe6 Qg4+ 20. Kh1 Qxe6 21. Qe4 Nb6 22. Qxe6 fxe6 23. e3 e5 24. Rd6 Nc4 25. Rd7 exf4 26. Rg1 g6 27. e4 Rad8 28. Rgd1 Rxd7 29. Rxd7 Nxb2 30. Ra7 c4 31. Nd5 Nd3 32. f3 b4 33. Rxa6 c3 34. Rc6 Ra8 35. Rc7 Rxa2 36. Nf6+ Kf8 37. Nxh7+ Ke8 38. Nf6+ Kd8 39. Rd7+ Kc8 40. Rxd3 c2 41. Kg2 c1Q+ 42. Kh3 Qf1+ 43. Kg4 Rg2+ 44. Kxf4 Qc1+ 45. Ke5 Rg5+ 46. Ke6 Qc4+ 47. Rd5 Rxd5 48. exd5 1-0

[Event "Titled Tuesday intern op 18th Mar Late"]
[Site "Chess.com INT"]
[Date "2025.03.18"]
[Round "3"]
[White "Mesa Cruz, Juan Carlos"]
[Black "Mesquita, Eduardo Barbosa"]
[Result "0-1"]
[WhiteElo "2213"]
[BlackElo "2014"]
[PlyCount "96"]
[EventDate "2025.03.18"]
[EventType "swiss (blitz)"]
[EventRounds "11"]
[EventCountry "USA"]
[SourceTitle "CB13_2025"]
[SourceDate "2025.03.26"]
[SourceVersion "1"]
[SourceVersionDate "2025.03.26"]
[SourceQuality "1"]

1. e4 c5 2. Nf3 d6 3. Bb5+ Nc6 4. 0-0 Nf6 5. Re1 e5 6. c3 Qb6 7. Bf1 Bg4 8. h3 Bh5 9. Na3 Be7 10. Nc4 Qc7 11. a4 0-0 12. Ne3 Nxe4 13. Nd5 Qd7 14. Rxe4 f5 15. Re1 e4 16. Qb3 Kh8 17. Nh2 Bd8 18. Nf4 Bf7 19. Qc2 d5 20. d3 g5 21. Ne2 Bg6 22. dxe4 fxe4 23. Be3 d4 24. cxd4 cxd4 25. Rad1 dxe3 26. fxe3 Qf7 27. Ng3 Bc7 28. Bc4 Qe7 29. Ngf1 h5 30. Rd5 Kh7 31. Qb3 Na5 32. Qa2 Nxc4 33. Qxc4 Bf7 34. Red1 Bxd5 35. Rxd5 Rad8 36. Rc5 Bd6 37. Rb5 Rf7 38. a5 Rdf8 39. Nd2 Bxh2+ 40. Kxh2 Qd6+ 41. Kg1 Qxd2 42. Qxe4+ Kh6 43. Rxg5 Qe1+ 44. Kh2 Kxg5 45. h4+ Kh6 46. Qe6+ Rf6 47. Qe5 Qxh4+ 48. Kg1 Rf1# 0-1

[Event "Titled Tuesday intern op 11th Mar Early"]
[Site "Chess.com INT"]
[Date "2025.03.11"]
[Round "11"]
[White "Anandh, Vijay Srinivas"]
[Black "Mesa Cruz, Juan Carlos"]
[Result "1-0"]
[WhiteElo "2046"]
[BlackElo "2213"]
[PlyCount "149"]
[EventDate "2025.03.11"]
[EventType "swiss (blitz)"]
[EventRounds "11"]
[EventCountry "USA"]
[SourceTitle "CB12_2025"]
[SourceDate "2025.03.19"]
[SourceVersion "1"]
[SourceVersionDate "2025.03.19"]
[SourceQuality "1"]

1. e4 c5 2. d4 cxd4 3. Qxd4 Nc6 4. Qd3 g6 5. Nc3 Bg7 6. Nf3 d6 7. Be2 Nf6 8. 0-0 Nd7 9. Be3 0-0 10. Nd4 Nxd4 11. Bxd4 Bxd4 12. Qxd4 Qb6 13. Rfd1 Qxd4 14. Rxd4 Ne5 15. Nd5 Nc6 16. Rd2 Be6 17. Nc7 Rac8 18. Nxe6 fxe6 19. c3 Ne5 20. f3 g5 21. Kf2 g4 22. Ke3 gxf3 23. gxf3 Ng6 24. Bb5 e5 25. Rg1 Rf4 26. Bd7 Rcf8 27. Bf5 Rf6 28. Rg3 Kg7 29. Bxg6 hxg6 30. Rf2 Rf8 31. Rg4 R4f6 32. f4 e6 33. Rf3 exf4+ 34. Rgxf4 Rxf4 35. Rxf4 Rh8 36. Rf2 e5 37. Kd3 b5 38. a4 Rh3+ 39. Kc2 bxa4 40. Rd2 Kf7 41. Kb1 Rh4 42. Re2 Ke6 43. Kc2 d5 44. exd5+ Kxd5 45. Rg2 e4 46. Kd2 Kc4 47. Ke3 Kb3 48. Rf2 g5 49. Rg2 a5 50. Rf2 Kc4 51. Rg2 Kb3 52. Kd4 e3+ 53. Kxe3 a3 54. bxa3 Kxc3 55. Rxg5 a4 56. Rg3 Kb3 57. Kf2+ Kb2 58. Kg2 Rc4 59. h3 Ka2 60. Rf3 Rc2+ 61. Kg3 Rb2 62. h4 Rb3 63. h5 Rxa3 64. Rxa3+ Kxa3 65. h6 Ka2 66. h7 a3 67. h8Q Kb1 68. Qb8+ Ka1 69. Qe5+ Kb1 70. Qe1+ Kb2 71. Qd2+ Kb1 72. Qb4+ Ka2 73. Kf3 Ka1 74. Qxa3+ Kb1 75. Qe3 1-0

[Event "Titled Tuesday intern op 04th Mar Early"]
[Site "Chess.com INT"]
[Date "2025.03.04"]
[Round "7"]
[White "Mesa Cruz, Juan Carlos"]
[Black "Hernandez Bermudez, Ulises Eduardo"]
[Result "1/2-1/2"]
[WhiteElo "2213"]
[BlackElo "2042"]
[PlyCount "172"]
[EventDate "2025.03.04"]
[EventType "swiss (blitz)"]
[EventRounds "11"]
[EventCountry "USA"]
[SourceTitle "CB11_2025"]
[SourceDate "2025.03.12"]
[SourceVersion "1"]
[SourceVersionDate "2025.03.12"]
[SourceQuality "1"]

1. e4 e5 2. Nf3 Nc6 3. Bc4 Nf6 4. d3 Bc5 5. c3 0-0 6. 0-0 d5 7. exd5 Nxd5 8. Re1 Bg4 9. Nbd2 Nb6 10. h3 Bh5 11. Bb3 Qxd3 12. Nxe5 Qf5 13. Nef3 Bg6 14. Ne4 Rad8 15. Bd2 Be7 16. Ng3 Qd7 17. Bc2 Bf6 18. Bxg6 hxg6 19. Qc2 Rfe8 20. Ne4 Ne5 21. Nxf6+ gxf6 22. Nxe5 Rxe5 23. Bf4 Rd5 24. Re2 c6 25. Rae1 Rd1 26. b3 Rxe1+ 27. Rxe1 Nd5 28. Bc1 Re8 29. Rd1 Qe6 30. c4 Nb4 31. Qd2 c5 32. Ba3 a5 33. Qd6 Qxd6 34. Rxd6 Re1+ 35. Kh2 Nxa2 36. Bxc5 Re6 37. Rd8+ Kg7 38. Rb8 Rc6 39. Bd4 a4 40. Rxb7 axb3 41. Rxb3 Rxc4 42. Bb2 Nb4 43. Rf3 Nd5 44. g4 g5 45. Rf5 Rc2 46. Rxg5+ Kh6 47. Rxd5 Rxf2+ 48. Kg3 Rxb2 49. Rh5+ Kg6 50. Rf5 Rb3+ 51. Kh4 Re3 52. Rf2 Re5 53. Kg3 Re3+ 54. Kg2 Re5 55. Rf3 Ra5 56. Kg3 Kg5 57. h4+ Kg6 58. h5+ Kg5 59. Rc3 Re5 60. Rb3 f5 61. gxf5 Rxf5 62. Rb4 Kxh5 63. Rh4+ Kg6 64. Rg4+ Rg5 65. Kf4 Rxg4+ 66. Kxg4 Kf6 67. Kf4 Ke6 68. Ke4 Kf6 69. Kf4 Ke6 70. Ke4 f5+ 71. Kf4 Kf6 72. Kf3 Kg5 73. Kg3 f4+ 74. Kf3 Kf5 75. Kf2 Ke4 76. Ke2 Ke5 77. Kf3 Kf5 78. Kf2 Kg4 79. Kg2 f3+ 80. Kf2 Kf4 81. Kf1 Ke3 82. Ke1 Ke4 83. Kf2 Kf4 84. Kf1 Ke3 85. Ke1 f2+ 86. Kf1 Kf3 1/2-1/2

[Event "Titled Tuesday intern op 04th Mar Early"]
[Site "Chess.com INT"]
[Date "2025.03.04"]
[Round "9"]
[White "Mesa Cruz, Juan Carlos"]
[Black "Soria Delgado, Kadir"]
[Result "0-1"]
[WhiteElo "2213"]
[BlackElo "2260"]
[PlyCount "48"]
[EventDate "2025.03.04"]
[EventType "swiss (blitz)"]
[EventRounds "11"]
[EventCountry "USA"]
[SourceTitle "CB11_2025"]
[SourceDate "2025.03.12"]
[SourceVersion "1"]
[SourceVersionDate "2025.03.12"]
[SourceQuality "1"]

1. e4 c5 2. Nf3 d6 3. Bb5+ Bd7 4. Bxd7+ Qxd7 5. c4 Nc6 6. d4 cxd4 7. Nxd4 g6 8. Nc3 Bg7 9. Be3 Nf6 10. f3 0-0 11. Qd2 Rfd8 12. 0-0 e6 13. Rfd1 d5 14. Nxc6 bxc6 15. exd5 exd5 16. c5 Nh5 17. Bd4 Bxd4+ 18. Qxd4 Ng7 19. Re1 Ne6 20. Qf6 Rf8 21. b4 Qd8 22. Qxd8 Rfxd8 23. a3 Nd4 24. Rac1 Nb3 0-1

[Event "Titled Tuesday intern op 11th Feb Early"]
[Site "Chess.com INT"]
[Date "2025.02.11"]
[Round "11"]
[White "Barwinska, Ewa"]
[Black "Mesa Cruz, Juan Carlos"]
[Result "0-1"]
[WhiteElo "2012"]
[BlackElo "2213"]
[PlyCount "120"]
[EventDate "2025.02.11"]
[EventType "swiss (blitz)"]
[EventRounds "11"]
[EventCountry "USA"]
[SourceTitle "CB09_2025"]
[SourceDate "2025.02.27"]
[SourceVersion "1"]
[SourceVersionDate "2025.02.27"]
[SourceQuality "1"]

1. e4 c5 2. Nf3 d6 3. d4 cxd4 4. Nxd4 Nf6 5. Nc3 a6 6. Bg5 e6 7. f4 Be7 8. Qf3 Qc7 9. 0-0-0 Nbd7 10. g4 b5 11. Bxf6 Nxf6 12. g5 Nd7 13. f5 0-0 14. f6 gxf6 15. gxf6 Nxf6 16. Rg1+ Kh8 17. Bd3 Bb7 18. Qh3 Rg8 19. Nf3 b4 20. Ne2 Bxe4 21. Ng5 Rxg5 22. Rxg5 Bxd3 23. Rxd3 Rc8 24. Rd2 Qc4 25. b3 Qc6 26. Nd4 Qe4 27. Qg2 Qxg2 28. Rgxg2 Ne4 29. Rde2 d5 30. Nf3 Bd6 31. Kb2 Bf4 32. h4 f5 33. Ng5 Be5+ 34. Kc1 Bf4+ 35. Kb2 Bxg5 36. hxg5 Kg7 37. a3 a5 38. axb4 axb4 39. Kc1 f4 40. Re1 f3 41. Rg4 Rf8 42. Rf1 Kg6 43. Kd1 Nxg5 44. Rf4 Rxf4 45. Kd2 e5 46. Ke3 d4+ 47. Kf2 e4 48. Kg3 Kf5 49. Kh2 Rg4 50. Rg1 Rxg1 51. Kxg1 e3 52. Kf1 Kg4 53. Ke1 Kg3 54. Kd1 f2 55. c3 f1Q+ 56. Kc2 Qe2+ 57. Kb1 dxc3 58. Ka1 Qd2 59. Kb1 e2 60. Ka1 e1Q# 0-1

[Event "Titled Tuesday intern op 11th Feb Early"]
[Site "Chess.com INT"]
[Date "2025.02.11"]
[Round "7"]
[White "Kaplan, Ebru"]
[Black "Mesa Cruz, Juan Carlos"]
[Result "1/2-1/2"]
[WhiteElo "1905"]
[BlackElo "2213"]
[PlyCount "130"]
[EventDate "2025.02.11"]
[EventType "swiss (blitz)"]
[EventRounds "11"]
[EventCountry "USA"]
[SourceTitle "CB09_2025"]
[SourceDate "2025.02.27"]
[SourceVersion "1"]
[SourceVersionDate "2025.02.27"]
[SourceQuality "1"]

1. e4 c5 2. Nf3 d6 3. d4 cxd4 4. Nxd4 Nf6 5. Nc3 a6 6. Be3 e5 7. Nb3 Be7 8. Rg1 h5 9. h3 b5 10. Nd5 Nbd7 11. g4 hxg4 12. hxg4 Bb7 13. Nxe7 Kxe7 14. f3 Qc7 15. g5 Nh5 16. Qd2 g6 17. 0-0-0 Nb6 18. Qa5 Bxe4 19. Rd2 Nd5 20. Qxc7+ Nxc7 21. fxe4 a5 22. Kb1 a4 23. Nc1 Ne6 24. Bxb5 a3 25. Rgd1 axb2 26. Nb3 Rhd8 27. Kxb2 Nhf4 28. a4 Nxg5 29. Bxf4 exf4 30. Rd5 Nxe4 31. Re1 f5 32. a5 Ke6 33. Bc4 Kf6 34. a6 f3 35. Rf1 f2 36. Bd3 Ke6 37. Ra5 d5 38. Nd4+ Ke5 39. Nc6+ Kf4 40. Nxd8 Rxd8 41. a7 Ra8 42. Bxe4 dxe4 43. Rxf2+ Kg3 44. Rd2 e3 45. Rd6 f4 46. Rxg6+ Kf2 47. Rf6 f3 48. Raf5 Rxa7 49. Rxf3+ Ke2 50. R3f4 Re7 51. Rh6 Kd2 52. Rh2+ e2 53. Rd4+ Ke3 54. Rxe2+ Kxe2 55. Rd6 Ke3 56. Rh6 Ke4 57. Rh5 Kd4 58. c3+ Kc4 59. Rh4+ Kc5 60. Kb3 Rb7+ 61. Kc2 Rg7 62. Rh5+ Kc4 63. Rh4+ Kc5 64. Kb3 Rb7+ 65. Kc2 Rg7 1/2-1/2

[Event "Titled Tuesday intern op 07th Jan Early"]
[Site "Chess.com INT"]
[Date "2025.01.07"]
[Round "11"]
[White "Laddha, Shubh Jayesh"]
[Black "Mesa Cruz, Juan Carlos"]
[Result "1-0"]
[WhiteElo "2303"]
[BlackElo "2195"]
[PlyCount "73"]
[EventDate "2025.01.07"]
[EventType "swiss (blitz)"]
[EventRounds "11"]
[EventCountry "USA"]
[SourceTitle "CB03_2025"]
[SourceDate "2025.01.15"]
[SourceVersion "1"]
[SourceVersionDate "2025.01.15"]
[SourceQuality "1"]

1. e4 c5 2. Nf3 d6 3. d4 cxd4 4. Nxd4 Nf6 5. Nc3 a6 6. h3 e5 7. Nb3 Be7 8. g4 h6 9. Be3 Be6 10. Bg2 Nbd7 11. Qd2 Nb6 12. 0-0-0 Nc4 13. Qe2 Rc8 14. Kb1 Nxe3 15. Qxe3 b5 16. f4 exf4 17. Qxf4 Nd7 18. h4 Ne5 19. g5 hxg5 20. hxg5 Rg8 21. Nd5 Bxg5 22. Qg3 Bxd5 23. exd5 Bf6 24. Nd4 Qc7 25. Nc6 Nc4 26. c3 a5 27. Rhf1 Kf8 28. Bh3 Re8 29. Rf3 Ne5 30. Re3 Nxc6 31. Rxe8+ Kxe8 32. dxc6 Be5 33. Qf3 Ke7 34. Bd7 g6 35. Rf1 Rf8 36. Qd5 Qb6 37. Re1 1-0

[Event "Titled Tuesday intern op 07th Jan Early"]
[Site "Chess.com INT"]
[Date "2025.01.07"]
[Round "6"]
[White "Mesa Cruz, Juan Carlos"]
[Black "Ambartsumian, Tyhran"]
[Result "1-0"]
[WhiteElo "2195"]
[BlackElo "2107"]
[PlyCount "91"]
[EventDate "2025.01.07"]
[EventType "swiss (blitz)"]
[EventRounds "11"]
[EventCountry "USA"]
[SourceTitle "CB03_2025"]
[SourceDate "2025.01.15"]
[SourceVersion "1"]
[SourceVersionDate "2025.01.15"]
[SourceQuality "1"]

1. e4 g6 2. d4 Nf6 3. e5 Nh5 4. Be2 Ng7 5. Nf3 d5 6. 0-0 Bg4 7. h3 Bxf3 8. Bxf3 c6 9. Nd2 e6 10. c4 dxc4 11. Nxc4 Nd7 12. Bh6 Nb6 13. Bxg7 Bxg7 14. Nd6+ Kf8 15. Nxb7 Qe7 16. Na5 h5 17. Nxc6 Qd7 18. a4 Bh6 19. b4 Kg7 20. b5 Rac8 21. Be4 Rc7 22. Qf3 Nc4 23. Rfd1 Nd2 24. Qf6+ Kh7 25. Bd3 Rhc8 26. Ra2 Nb3 27. Rb2 Nxd4 28. Nxd4 Rc1 29. Rb1 Rxd1+ 30. Rxd1 Rc1 31. Rxc1 Bxc1 32. Nxe6 Bh6 33. Nc5 Qd5 34. Qd6 Qa2 35. Be4 Qa1+ 36. Kh2 Bf4+ 37. g3 Bxe5 38. Qd7 Kg7 39. Bd5 Qb2 40. Qxf7+ Kh6 41. Ne6 Qd2 42. Qf8+ Kh7 43. Qf7+ Kh6 44. h4 Qd3 45. Qf8+ Kh7 46. Ng5# 1-0

[Event "Titled Tuesday intern op 07th Jan Early"]
[Site "Chess.com INT"]
[Date "2025.01.07"]
[Round "10"]
[White "Mesa Cruz, Juan Carlos"]
[Black "Hernandez Jimenez, Alexander Andres"]
[Result "1-0"]
[WhiteElo "2195"]
[BlackElo "2043"]
[PlyCount "55"]
[EventDate "2025.01.07"]
[EventType "swiss (blitz)"]
[EventRounds "11"]
[EventCountry "USA"]
[SourceTitle "CB03_2025"]
[SourceDate "2025.01.15"]
[SourceVersion "1"]
[SourceVersionDate "2025.01.15"]
[SourceQuality "1"]

1. e4 c5 2. Nf3 d6 3. Bb5+ Bd7 4. Bxd7+ Qxd7 5. c4 Nc6 6. d4 cxd4 7. Nxd4 Nf6 8. Nc3 g6 9. 0-0 Bg7 10. Nde2 0-0 11. h3 Rac8 12. Be3 Ne5 13. b3 Qc6 14. Nd4 Qc7 15. Ndb5 Qd7 16. Nxa7 Ra8 17. Nab5 Rfc8 18. f4 Nc6 19. Qd2 Ne8 20. Rad1 Qe6 21. Rfe1 Nf6 22. Bf2 Nd7 23. Nd5 Nc5 24. Ndc7 Qf6 25. e5 Qf5 26. g4 Qd7 27. Nxa8 Rxa8 28. Bxc5 1-0

[Event "Titled Tuesday intern op 07th Jan Early"]
[Site "Chess.com INT"]
[Date "2025.01.07"]
[Round "3"]
[White "Mesa Cruz, Juan Carlos"]
[Black "Radnaev, Nomin"]
[Result "1-0"]
[WhiteElo "2195"]
[BlackElo "2199"]
[PlyCount "63"]
[EventDate "2025.01.07"]
[EventType "swiss (blitz)"]
[EventRounds "11"]
[EventCountry "USA"]
[SourceTitle "CB03_2025"]
[SourceDate "2025.01.15"]
[SourceVersion "1"]
[SourceVersionDate "2025.01.15"]
[SourceQuality "1"]

1. e4 e5 2. Nf3 d5 3. exd5 e4 4. Qe2 Nf6 5. d3 Qxd5 6. Nbd2 Be7 7. dxe4 Qa5 8. Qb5+ Qxb5 9. Bxb5+ c6 10. Bc4 0-0 11. 0-0 Nbd7 12. Re1 Ng4 13. h3 Nge5 14. Nxe5 Nxe5 15. Be2 Bc5 16. Nf3 Ng6 17. Bc4 Be6 18. Bxe6 fxe6 19. Be3 Bb4 20. c3 Ba5 21. Rad1 Rad8 22. Rxd8 Rxd8 23. Bxa7 b6 24. b4 Rd7 25. bxa5 Rxa7 26. axb6 Rxa2 27. Rb1 Ra8 28. b7 Rb8 29. Nd4 Ne7 30. Nxe6 Kf7 31. Nc5 Ke8 32. Na6 1-0

[Event "Titled Tuesday intern op 17th Sep Late"]
[Site "Chess,com INT"]
[Date "2024.09.17"]
[Round "11"]
[White "Mesa Cruz, Juan Carlos"]
[Black "Pribelszky, Bence Daniel"]
[Result "1-0"]
[WhiteElo "2158"]
[BlackElo "2408"]
[PlyCount "169"]
[EventDate "2024.09.17"]
[EventType "swiss (blitz)"]
[EventRounds "11"]
[EventCountry "USA"]
[SourceTitle "EXT 2025"]
[Source "ChessBase"]
[SourceDate "2024.10.14"]
[SourceVersion "1"]
[SourceVersionDate "2024.10.14"]
[SourceQuality "1"]

1. d4 d5 2. Nf3 Nf6 3. c3 Bf5 4. Qb3 Qc8 5. e3 e6 6. c4 c5 7. cxd5 cxd4 8. Bb5+ Nbd7 9. 0-0 Nxd5 10. Nxd4 Bxb1 11. Rxb1 Bc5 12. e4 N5b6 13. Nxe6 fxe6 14. Qxe6+ Kf8 15. Bc4 Qe8 16. Qf5+ Nf6 17. Qxc5+ Qe7 18. Qxe7+ Kxe7 19. Bb3 Rhd8 20. Be3 Rac8 21. e5 Ne4 22. Rfe1 Nc4 23. Bxc4 Rxc4 24. b3 Rcc8 25. f3 Nc3 26. Bg5+ Ke6 27. Bxd8 Nxb1 28. Rxb1 Rxd8 29. Rb2 Kxe5 30. Re2+ Kf6 31. Kf2 Rd1 32. Ke3 Rh1 33. h3 Rc1 34. Rd2 Ke7 35. Kd4 Re1 36. Kd3 Rc1 37. Rc2 Rd1+ 38. Ke4 Kf6 39. Rc7 Rd2 40. a3 Rxg2 41. Rxb7 Rb2 42. b4 a5 43. b5 Rb3 44. f4 Rxa3 45. Rb6+ Kf7 46. h4 Rb3 47. Ke5 a4 48. f5 Re3+ 49. Kd4 Rh3 50. Ke5 h5 51. Rb7+ Kg8 52. b6 Rxh4 53. Ra7 Rb4 54. b7 Kh7 55. f6 gxf6+ 56. Kxf6 Kh6 57. Ra8 Rb6+ 58. Kf5 Rxb7 59. Rxa4 Rf7+ 60. Ke4 Kg5 61. Ke3 h4 62. Ke2 Rf5 63. Ke1 Re5+ 64. Kf2 Rb5 65. Kg2 Rb2+ 66. Kh3 Rb3+ 67. Kh2 Rg3 68. Kh1 Rf3 69. Kg2 Re3 70. Kh2 h3 71. Ra5+ Kg4 72. Ra4+ Kg5 73. Ra5+ Kg4 74. Ra4+ Kf3 75. Kxh3 Re1 76. Kh4 Rh1+ 77. Kg5 Rg1+ 78. Kf6 Ra1 79. Rxa1 Ke2 80. Ra5 Kd2 81. Ke5 Kc2 82. Kd4 Kb2 83. Rb5+ Kc1 84. Kd3 Kd1 85. Rb1# 1-0

[Event "Titled Tuesday intern op 10th Sep Late"]
[Site "Chess,com INT"]
[Date "2024.09.10"]
[Round "7"]
[White "Mesa Cruz, Juan Carlos"]
[Black "Montano Vicente, Guadalupe"]
[Result "0-1"]
[WhiteElo "2158"]
[BlackElo "1973"]
[PlyCount "56"]
[EventDate "2024.09.10"]
[EventType "swiss (blitz)"]
[EventRounds "11"]
[EventCountry "USA"]
[SourceTitle "EXT 2025"]
[Source "ChessBase"]
[SourceDate "2024.10.14"]
[SourceVersion "1"]
[SourceVersionDate "2024.10.14"]
[SourceQuality "1"]

1. d4 Nf6 2. Nf3 g6 3. c3 Bg7 4. Nbd2 d5 5. e3 Nbd7 6. Bd3 c5 7. Qe2 0-0 8. e4 dxe4 9. Nxe4 cxd4 10. cxd4 Nxe4 11. Qxe4 Nf6 12. Qh4 Bg4 13. Be2 h5 14. 0-0 Ne4 15. Re1 Qa5 16. b4 Qxb4 17. Be3 Bf6 18. Ng5 Qa5 19. Bxg4 Bxg5 20. Bxg5 Qxg5 21. Qxg5 Nxg5 22. Bf3 Nxf3+ 23. gxf3 e6 24. a4 b6 25. a5 bxa5 26. Rxa5 Rfd8 27. d5 Rxd5 28. Rd1 Rxd1+ 0-1

[Event "Titled Tuesday intern op 13th Aug Late"]
[Site "Chess.com INT"]
[Date "2024.08.13"]
[Round "6"]
[White "Colville, Julian"]
[Black "Mesa Cruz, Juan Carlos"]
[Result "1-0"]
[WhiteElo "2067"]
[BlackElo "2158"]
[PlyCount "83"]
[EventDate "2024.08.13"]
[EventType "swiss (blitz)"]
[EventRounds "11"]
[EventCountry "USA"]
[SourceTitle "EXT 2025"]
[Source "ChessBase"]
[SourceDate "2024.10.14"]
[SourceVersion "1"]
[SourceVersionDate "2024.10.14"]
[SourceQuality "1"]

1. e4 c6 2. d4 d5 3. e5 Bf5 4. Nf3 e6 5. Be2 c5 6. Be3 Nc6 7. 0-0 cxd4 8. Nxd4 Nxd4 9. Bxd4 a6 10. c4 dxc4 11. Bxc4 Ne7 12. Bc5 Nc6 13. Bxf8 Qxd1 14. Rxd1 Rxf8 15. f4 Ke7 16. Nc3 Rfd8 17. h3 h5 18. Rac1 Rxd1+ 19. Rxd1 Rd8 20. Rxd8 Nxd8 21. Be2 Bg6 22. Bf3 f6 23. Kf2 fxe5 24. fxe5 b6 25. Ke3 Be8 26. Be2 a5 27. Bb5 Nc6 28. Ke4 Bg6+ 29. Kf4 Nd4 30. Bc4 Be8 31. Ne4 b5 32. Bf1 b4 33. Nd6 Bc6 34. g3 Bd5 35. a3 bxa3 36. bxa3 a4 37. Bb5 Bb3 38. Ke4 Nc2 39. Nc4 Bxc4 40. Bxc4 Nxa3 41. Bd3 g5 42. Kd4 1-0